[Event "Szachy na pełnej kurwie"]
[Site "SchemingMind.com"]
[Date "2016.01.08"]
[Round "-"]
[White "DANDYLIONHONEYBADGER"]
[Black "flyinduck"]
[Result "0-1"]
[WhiteCountry "USA"]
[BlackCountry "CAN"]
[WhiteElo "1297"]
[WhiteRD "64"]
[BlackElo "2130"]
[BlackRD "58"]
[GameID "393046"]

1. Nc3 c5 2. e4 Nc6 3. d3 g6 4. Be3 d6 5. Nf3 Bg7 6. d4 cxd4 7. Nxd4 Nf6 8. Bb5 Bd7 9. Qf3 O-O 10. h3 Qa5
11. Nb3 Qc7 12. O-O a6 13. Bc4 Ne5 14. Qf4 Nxc4 15. Bd4 e5 16. Bxe5 dxe5 17. Qd2 Nxd2 18. Nxd2 Rad8 19. Rac1 Bxh3 20. gxh3 Rxd2
21. f3 Qb6+ 22. Kh1 Qe6
0-1

[Event "Szachy na pełnej kurwie"]
[Site "SchemingMind.com"]
[Date "2016.01.08"]
[Round "-"]
[White "flyinduck"]
[Black "DANDYLIONHONEYBADGER"]
[Result "1-0"]
[WhiteCountry "CAN"]
[BlackCountry "USA"]
[WhiteElo "2130"]
[WhiteRD "58"]
[BlackElo "1297"]
[BlackRD "64"]
[GameID "393047"]

1. d4 d5 2. c4 dxc4 3. e3 Be6 4. Nf3 b5 5. Nc3 c6 6. Be2 g6 7. O-O f6 8. e4 b4 9. Na4 Bh6 10. Bxh6 Nxh6
11. Qd2 O-O 12. Qxh6 Rf7 13. Nc5 Bg4 14. Bxc4 e6 15. Nxe6 Qe7 16. Neg5 fxg5 17. Nxg5 Qxg5 18. Qxg5 Kg7 19. Bxf7 Kxf7 20. Qxg4 Nd7
21. Qxd7+ Kg8 22. Rac1
1-0

[Event "Szachy na pełnej kurwie"]
[Site "SchemingMind.com"]
[Date "2016.01.04"]
[Round "-"]
[White "smothered mate"]
[Black "miriskra"]
[Result "1-0"]
[WhiteCountry "POL"]
[BlackCountry "WLS"]
[WhiteElo "1995"]
[WhiteRD "84"]
[BlackElo "1602"]
[BlackRD "66"]
[GameID "393119"]

1. e4 c5 2. Nf3 Nc6 3. d4 cxd4 4. Nxd4 e5 5. Nb5 d6 6. c4 a6 7. N5a3 Nf6 8. Nc3 Be6 9. Bg5 Be7 10. Bxf6 Bxf6
11. Be2 O-O 12. O-O Nd4 13. Nc2 Nxe2+ 14. Qxe2 Rc8 15. Ne3 g6 16. Rad1 Bg7 17. b3 f5 18. Ned5 f4 19. f3 Kh8 20. Rd3 g5
21. Rfd1 Rf7 22. Qf2 g4 23. Nb6 Rc6 24. c5 Bf8 25. Nca4 Qc7 26. Nd5 Qb8 27. Nb4 Rxc5 28. Nxc5 dxc5 29. Rd8 Qc7 30. Nc2 Kg7
31. Qh4
1-0

[Event "Szachy na pełnej kurwie"]
[Site "SchemingMind.com"]
[Date "2016.01.04"]
[Round "-"]
[White "miriskra"]
[Black "smothered mate"]
[Result "0-1"]
[WhiteCountry "WLS"]
[BlackCountry "POL"]
[WhiteElo "1685"]
[WhiteRD "65"]
[BlackElo "1967"]
[BlackRD "83"]
[GameID "393120"]

1. d4 d5 2. c4 e6 3. Nc3 c5 4. Nf3 Nc6 5. cxd5 exd5 6. g3 c4 7. Bg2 Bb4 8. O-O Nge7 9. Bd2 O-O 10. a3 Ba5
11. Na2 Bg4 12. Bf4 Rc8 13. h3 Be6 14. Ng5 Bb6 15. Be3 h6 16. Nxe6 fxe6 17. g4 e5 18. Nb4 exd4 19. Nxc6 Nxc6 20. Bf4 Rxf4
0-1

[Event "Szachy na pełnej kurwie"]
[Site "SchemingMind.com"]
[Date "2016.01.03"]
[Round "-"]
[White "tyler_ensor"]
[Black "miriskra"]
[Result "1-0"]
[WhiteCountry "CAN"]
[BlackCountry "WLS"]
[WhiteElo "1889"]
[WhiteRD "77"]
[BlackElo "1602"]
[BlackRD "66"]
[GameID "393121"]

1. d4 d5 2. c4 c6 3. cxd5 cxd5 4. Nc3 Nc6 5. Bf4 a6 6. e3 Nf6 7. Bd3 g6 8. Nf3 Bg7 9. O-O O-O 10. Rc1 Bg4
11. h3 Bxf3 12. Qxf3 h6 13. a3 Rc8 14. Rc2 b5 15. Rfc1 Na5 16. Nb1 Rxc2 17. Rxc2 Nc4 18. Nd2 e6 19. Nb3 Nd7 20. Bg3 Qf6
21. Qxf6 Bxf6 22. Bxc4 dxc4 23. Nc5 Nxc5 24. dxc5 Be7 25. Bd6
1-0

[Event "Szachy na pełnej kurwie"]
[Site "SchemingMind.com"]
[Date "2016.01.03"]
[Round "-"]
[White "miriskra"]
[Black "tyler_ensor"]
[Result "0-1"]
[WhiteCountry "WLS"]
[BlackCountry "CAN"]
[WhiteElo "1575"]
[WhiteRD "71"]
[BlackElo "1921"]
[BlackRD "76"]
[GameID "393122"]

1. d4 Nf6 2. c4 g6 3. g3 Bg7 4. Bg2 O-O 5. Nc3 d6 6. Nf3 Nbd7 7. O-O e5 8. e4 c6 9. Re1 exd4 10. Nxd4 Ng4
11. Nc2 Nb6 12. Bf1 Ne5 13. Ne3 Be6 14. f4 Nexc4 15. Nxc4 Bxc4 16. Bxc4 Nxc4 17. Kg2 f5 18. Qb3 b5 19. a4 a6 20. axb5 axb5
21. Rxa8 Qxa8 22. Be3 Kh8 23. exf5 Nxe3+ 24. Rxe3 c5+ 25. Kh3 Rxf5
0-1

[Event "Szachy na pełnej kurwie"]
[Site "SchemingMind.com"]
[Date "2016.01.03"]
[Round "-"]
[White "miriskra"]
[Black "Darnell"]
[Result "1-0"]
[WhiteCountry "WLS"]
[BlackCountry "CAN"]
[WhiteElo "1806"]
[WhiteRD "70"]
[BlackElo "1605"]
[BlackRD "106"]
[GameID "393123"]

1. d4 Nf6 2. c4 c5 3. Nf3 e6 4. Nc3 cxd4 5. Nxd4 Bb4 6. Bd2 O-O 7. a3 Ba5 8. b4 Bc7 9. g3 d5 10. c5 b6
11. Na4 Bb7 12. Bg2 Bc6 13. b5 Be8 14. O-O bxc5 15. Nxc5 Bb6 16. Ncb3 a5 17. a4 Nbd7 18. Nc6 Qc7 19. Rc1 Qd6 20. Nbxa5 Bxa5
21. Bxa5 Nc5 22. Bb4 Bxc6 23. Bxc5
1-0

[Event "Szachy na pełnej kurwie"]
[Site "SchemingMind.com"]
[Date "2016.01.03"]
[Round "-"]
[White "Darnell"]
[Black "miriskra"]
[Result "0-1"]
[WhiteCountry "CAN"]
[BlackCountry "WLS"]
[WhiteElo "1605"]
[WhiteRD "106"]
[BlackElo "1806"]
[BlackRD "70"]
[GameID "393124"]

1. d4 d5 2. Nf3 Nf6 3. Bf4 c6 4. e3 e6 5. Bd3 Nbd7 6. O-O Be7 7. Nbd2 O-O 8. c4 c5 9. Qc2 b6 10. Ne5 Bb7
11. Nxd7 Qxd7 12. Bg5 h6 13. Bh4 cxd4 14. exd4 dxc4 15. Nxc4 Qxd4 16. Rad1 Qxh4
0-1

[Event "Szachy na pełnej kurwie"]
[Site "SchemingMind.com"]
[Date "2016.01.04"]
[Round "-"]
[White "miriskra"]
[Black "Scooter"]
[Result "1-0"]
[WhiteCountry "WLS"]
[BlackCountry "USA"]
[WhiteElo "1806"]
[WhiteRD "70"]
[BlackElo "1696"]
[BlackRD "46"]
[GameID "393125"]

1. d4 Nf6 2. c4 g6 3. Nc3 Bg7 4. e4 d6 5. Nf3 Bg4 6. Be2 O-O 7. h3 Bxf3 8. Bxf3 Nbd7 9. O-O e5 10. Be3 exd4
11. Bxd4 Re8 12. Re1 Ne5 13. b3 Nxf3+ 14. Qxf3 Nd7 15. Bxg7 Kxg7 16. Qd3 Nc5 17. Qd4+ Qf6 18. Qxf6+ Kxf6 19. Nd5+
1-0

[Event "Szachy na pełnej kurwie"]
[Site "SchemingMind.com"]
[Date "2016.01.04"]
[Round "-"]
[White "Scooter"]
[Black "miriskra"]
[Result "0-1"]
[WhiteCountry "USA"]
[BlackCountry "WLS"]
[WhiteElo "1696"]
[WhiteRD "46"]
[BlackElo "1806"]
[BlackRD "70"]
[GameID "393126"]

1. d4 d5 2. Nf3 Nf6 3. Bf4 c6 4. e3 Bf5 5. Bd3 Bxd3 6. Qxd3 e6 7. O-O Be7 8. Nbd2 Nbd7 9. c4 O-O 10. c5 Nh5
11. Be5 Nxe5 12. Nxe5 f6 13. Nef3 g6 14. b4 Qc7 15. a4 e5 16. dxe5 fxe5 17. e4 Nf4 18. Qb3 Kh8 19. exd5 cxd5 20. g3 Ne2+
21. Kg2 d4 22. Qd3 Nc3 23. Ne4 Nd5 24. Rfc1 Nxb4 25. Qc4 Nc6 26. Nfg5 Bxg5 27. Nxg5 Qe7 28. Ne4 a5 29. Nd6 Qf6 30. Rf1 Qf3+
31. Kg1 Nb4 32. Nxb7 Qxb7
0-1

[Event "Szachy na pełnej kurwie"]
[Site "SchemingMind.com"]
[Date "2016.01.03"]
[Round "-"]
[White "miriskra"]
[Black "Robert Bruce"]
[Result "0-1"]
[WhiteCountry "WLS"]
[BlackCountry "SCO"]
[WhiteElo "1676"]
[WhiteRD "63"]
[BlackElo "2250"]
[BlackRD "61"]
[GameID "393127"]

1. d4 Nf6 2. c4 c5 3. Nf3 cxd4 4. Nxd4 e5 5. Nb5 d5 6. Bg5 Bb4+ 7. N5c3 d4 8. g3 dxc3 9. Qxd8+ Kxd8 10. Nxc3 Bxc3+
11. bxc3 Kc7 12. Bg2 Be6 13. Bxf6 gxf6 14. Bd5 Nd7 15. e4 Nc5 16. f3 Rad8 17. Ke2 Rd6 18. Rab1 Ra6 19. Rb2 Ra3 20. Kd2 f5
21. Rhb1 Rd8 22. Kc2 Bxd5 23. exd5 b6 24. Kd2 Rg8 25. Re1 Kd6 26. Re3 Rc8 27. Kc1 f4
0-1

[Event "Szachy na pełnej kurwie"]
[Site "SchemingMind.com"]
[Date "2016.01.03"]
[Round "-"]
[White "Robert Bruce"]
[Black "miriskra"]
[Result "1-0"]
[WhiteCountry "SCO"]
[BlackCountry "WLS"]
[WhiteElo "2255"]
[WhiteRD "63"]
[BlackElo "1685"]
[BlackRD "65"]
[GameID "393128"]

1. f4 d5 2. Nf3 c5 3. e3 Nc6 4. Bb5 Bd7 5. b3 a6 6. Bxc6 Bxc6 7. Bb2 Nf6 8. O-O e6 9. Ne5 Rc8 10. d3 Be7
11. Nd2 O-O 12. Rf3 Nd7 13. Nxc6 Rxc6 14. Rh3 g6 15. a4 Bf6 16. c3 Bg7 17. a5 b5 18. axb6 Rxb6 19. Qc2 Qb8 20. Rf1 a5
21. Ba1 Rc8 22. Kh1 Nf6 23. c4 Ne8 24. cxd5 exd5 25. Bxg7 Nxg7 26. e4 c4 27. dxc4 dxc4 28. Rc3 Rbc6 29. Nxc4 a4 30. bxa4 Ne6
31. f5 Nd4 32. Qd3 Nb3 33. Rxb3 Qc7 34. Ne3 Rd8 35. Nd5 Qc8 36. fxg6 hxg6 37. Ne7+
1-0

[Event "Szachy na pełnej kurwie"]
[Site "SchemingMind.com"]
[Date "2016.01.08"]
[Round "-"]
[White "miriskra"]
[Black "DANDYLIONHONEYBADGER"]
[Result "0-1"]
[WhiteCountry "WLS"]
[BlackCountry "USA"]
[WhiteElo "1602"]
[WhiteRD "66"]
[BlackElo "1334"]
[BlackRD "59"]
[GameID "393129"]

1. d4 d5 2. c4 c6 3. Nf3 e6 4. e3 Nf6 5. Nc3 dxc4 6. Bxc4 b5 7. Be2 Nd5 8. O-O Ba6 9. Ne5 Nxc3 10. bxc3 Qe7
11. a4 Bb7 12. axb5 g6 13. Qa4 f6 14. bxc6 Bxc6 15. Nxc6 Nxc6
0-1

[Event "Szachy na pełnej kurwie"]
[Site "SchemingMind.com"]
[Date "2016.01.08"]
[Round "-"]
[White "DANDYLIONHONEYBADGER"]
[Black "miriskra"]
[Result "1-0"]
[WhiteCountry "USA"]
[BlackCountry "WLS"]
[WhiteElo "1334"]
[WhiteRD "59"]
[BlackElo "1602"]
[BlackRD "66"]
[GameID "393130"]

1. Nc3 d5 2. d4 Nf6 3. e3 g6 4. f3 Bg7 5. e4 O-O 6. g4 dxe4 7. fxe4 c5 8. Nge2 Bxg4 9. h3 Bf3 10. Rh2 cxd4
11. Nd5 Nxe4 12. Qd3 Bxe2 13. Qxe4 Bxf1 14. Kxf1 Nc6 15. Bd2 Qd6 16. Rf2
1-0

[Event "Szachy na pełnej kurwie"]
[Site "SchemingMind.com"]
[Date "2016.01.03"]
[Round "-"]
[White "miriskra"]
[Black "flyinduck"]
[Result "0-1"]
[WhiteCountry "WLS"]
[BlackCountry "CAN"]
[WhiteElo "1825"]
[WhiteRD "77"]
[BlackElo "2126"]
[BlackRD "54"]
[GameID "393131"]

1. d4 Nf6 2. c4 e6 3. Nf3 d5 4. Nc3 c6 5. e3 Nbd7 6. Bd3 dxc4 7. Bxc4 b5 8. Bd3 Bb7 9. O-O a6 10. Qe2 c5
11. Rd1 Qc7 12. Bd2 Bd6 13. h3 O-O 14. e4 cxd4 15. Nxd4 Rad8 16. Bg5 h6 17. Be3 Nc5 18. f3 Nxd3 19. Qxd3 Bh2+ 20. Kh1 e5
21. Ndxb5 axb5 22. Nxb5 Rxd3 23. Nxc7 Rxe3 24. Kxh2 Re2 25. Nb5 Rxb2 26. Nd6 Ba6 27. Nf5 Be2 28. Rd6 Bxf3 29. Kg3 Bxe4 30. Ne3 Re2
0-1

[Event "Szachy na pełnej kurwie"]
[Site "SchemingMind.com"]
[Date "2016.01.04"]
[Round "-"]
[White "flyinduck"]
[Black "miriskra"]
[Result "1-0"]
[WhiteCountry "CAN"]
[BlackCountry "WLS"]
[WhiteElo "2130"]
[WhiteRD "58"]
[BlackElo "1685"]
[BlackRD "65"]
[GameID "393132"]

1. d4 d5 2. c4 c6 3. Nc3 Nf6 4. e3 e6 5. Nf3 Nbd7 6. Bd3 Bd6 7. e4 dxe4 8. Nxe4 Nxe4 9. Bxe4 Nf6 10. Bc2 Bb4+
11. Bd2 Bxd2+ 12. Qxd2 O-O 13. O-O Qb6 14. Rad1 c5 15. Qc3 cxd4 16. Qxd4 Bd7 17. c5 Qc7 18. b4 Bc6 19. Ne5 Bd5 20. Rfe1 Bxa2
21. Qh4 h6 22. Rd3 Rad8 23. g4 Rxd3 24. Bxd3 b6 25. c6 a5 26. b5 Rd8 27. g5 hxg5 28. Qxg5 Qd6 29. Re3 Ne8 30. Bh7+ Kxh7
31. Qh5+ Kg8 32. Qxf7+
1-0

[Event "Szachy na pełnej kurwie"]
[Site "SchemingMind.com"]
[Date "2016.01.04"]
[Round "-"]
[White "smothered mate"]
[Black "William Lindberg"]
[Result "0-1"]
[WhiteCountry "POL"]
[BlackCountry "USA"]
[WhiteElo "1938"]
[WhiteRD "68"]
[BlackElo "2271"]
[BlackRD "70"]
[GameID "393156"]

1. e4 e5 2. Nf3 Nc6 3. d4 exd4 4. Nxd4 Bc5 5. Be3 Qf6 6. c3 a6 7. Bc4 Nge7 8. O-O O-O 9. Nxc6 Qxc6 10. Bxc5 Qxc5
11. Qd4 d6 12. Qxc5 dxc5 13. Nd2 Re8 14. Rfe1 Ng6 15. Re3 Rd8 16. Nb3 b6 17. Rae1 Be6 18. Bxe6 fxe6 19. g3 Ne5 20. Kg2 Rd7
21. f4 Nc4 22. R3e2 Rad8 23. Na1 Rd1 24. b3 Rxe1 25. Rxe1 Rd7 26. bxc4 Rd2+ 27. Kh3 Rxa2 28. Nb3 Rc2 29. Rc1 Rb2 30. Na1 Re2
31. e5 Kf7 32. Nc2 Ke7 33. Ne1 h6 34. Nf3 Rf2 35. Nh4 g5 36. fxg5 hxg5 37. Ng2 g4+ 38. Kxg4 Rxg2 39. Rf1 Rxh2 40. Kg5 Re2
41. Kg6 Rxe5 42. Rf7+ Kd6 43. g4 Re3 44. g5 Rxc3 45. Rf4 Ke5 46. Rf7 Rxc4 47. Rxc7 b5 48. Kf7 Kd6 49. Ra7 Rf4+ 50. Kg7 b4
51. Rxa6+ Ke5 52. g6 c4 53. Kg8 b3 54. g7 b2 55. Rb6 c3 56. Kh7 Rh4+ 57. Kg6 Rg4+ 58. Kh7 c2 59. Rb5+ Kf6 60. Rxb2 Rxg7+
61. Kh8 Rg2
0-1

[Event "Szachy na pełnej kurwie"]
[Site "SchemingMind.com"]
[Date "2016.01.04"]
[Round "-"]
[White "William Lindberg"]
[Black "smothered mate"]
[Result "0-1"]
[WhiteCountry "USA"]
[BlackCountry "POL"]
[WhiteElo "2320"]
[WhiteRD "66"]
[BlackElo "1967"]
[BlackRD "79"]
[GameID "393157"]

1. e4 c5 2. Nf3 e6 3. Nc3 a6 4. d4 cxd4 5. Qxd4 Nc6 6. Be3 Nxd4 7. Bxd4 Nf6 8. e5 Nd5 9. Nxd5 exd5 10. O-O-O Be7
11. Kb1 O-O 12. Bc3 b5 13. Be2 Bb7 14. Bd4 d6 15. Rhe1 dxe5 16. Nxe5 Bf6 17. f4 Rc8 18. Bg4 Qc7 19. Bxc8 Rxc8 20. Rd2 Qa5
21. Nf3 Bxd4 22. Rxd4 h6 23. a3 Rc4 24. Re8+ Kh7 25. Re2 Qb6 26. Red2 Rxd4 27. Nxd4 Qf6 28. g3 Qe7 29. Re2 Qc5 30. Rd2 Bc8
31. h4 Bg4 32. Ka2 Qe7 33. Rd3 Be2 34. Nxe2 Qxe2 35. Kb1 Kg6 36. b3 d4 37. Kb2 Qf2 38. Kc1 Kf5 39. b4 Kg4 40. Kd1 h5
41. Kc1 f5 42. Kd1 Qf1+ 43. Kd2 Qxd3+ 44. Kxd3 Kxg3 45. Kxd4 Kxf4 46. c4 bxc4 47. a4 Kg4 48. b5 axb5 49. axb5 f4 50. b6 f3
51. Ke3 c3 52. b7 c2 53. Kd2 f2 54. b8=Q c1=Q+ 55. Kxc1 f1=Q+ 56. Kc2 Qf2+ 57. Kb1 Kxh4 58. Qb4+ Kh3 59. Qc3+ Qg3 60. Qc8+ Kh2
61. Qc2+ Qg2 62. Qh7 Qf1+ 63. Kc2 Qf3 64. Kc1 g5 65. Kb2 h4 66. Qc7+ Qg3 67. Qd8 g4 68. Qe8 h3 69. Qc8 Qf3 70. Qc7+ g3
71. Ka1 Qf2 72. Qc2 Kg1
0-1

[Event "Szachy na pełnej kurwie"]
[Site "SchemingMind.com"]
[Date "2016.01.05"]
[Round "-"]
[White "tyler_ensor"]
[Black "William Lindberg"]
[Result "0-1"]
[WhiteCountry "CAN"]
[BlackCountry "USA"]
[WhiteElo "1864"]
[WhiteRD "81"]
[BlackElo "2320"]
[BlackRD "66"]
[GameID "393158"]

1. d4 Nf6 2. c4 e6 3. Nc3 d5 4. Bg5 Be7 5. e3 h6 6. Bh4 O-O 7. Nf3 Nbd7 8. Rc1 c6 9. Bd3 dxc4 10. Bxc4 b5
11. Bd3 b4 12. Bxf6 Bxf6 13. Ne4 Be7 14. Rxc6 Bb7 15. Rc1 Qa5 16. O-O Rfc8 17. Bb1 Rxc1 18. Qxc1 Rc8 19. Qd2 Bxe4 20. Bxe4 Qxa2
21. Rc1 Qa6 22. Ne1 Rxc1 23. Qxc1 e5 24. Qc7 Qe2 25. Qc8+ Nf8 26. Qc1 exd4 27. Bf3 Qb5 28. exd4 Ne6 29. d5 Nd4 30. Qc8+ Bf8
31. h3 Nxf3+ 32. Nxf3 Qxd5 33. Nh2 Qd2
0-1

[Event "Szachy na pełnej kurwie"]
[Site "SchemingMind.com"]
[Date "2016.01.05"]
[Round "-"]
[White "William Lindberg"]
[Black "tyler_ensor"]
[Result "1-0"]
[WhiteCountry "USA"]
[BlackCountry "CAN"]
[WhiteElo "2275"]
[WhiteRD "70"]
[BlackElo "1835"]
[BlackRD "87"]
[GameID "393159"]

1. c4 Nf6 2. d4 g6 3. Nf3 Bg7 4. Nc3 O-O 5. e4 d6 6. h3 e5 7. dxe5 dxe5 8. Bg5 Nbd7 9. Be2 c6 10. Qd6 h6
11. Be3 Nh5 12. g3 Qa5 13. Nd2 Ndf6 14. O-O-O Rd8 15. Nb3 Rxd6 16. Nxa5 Rxd1+ 17. Bxd1 b6 18. Nxc6 Bb7 19. Ba4 Rc8 20. Ne7+
1-0

[Event "Szachy na pełnej kurwie"]
[Site "SchemingMind.com"]
[Date "2016.01.04"]
[Round "-"]
[White "miriskra"]
[Black "William Lindberg"]
[Result "0-1"]
[WhiteCountry "WLS"]
[BlackCountry "USA"]
[WhiteElo "1825"]
[WhiteRD "77"]
[BlackElo "2275"]
[BlackRD "70"]
[GameID "393160"]

1. d4 d5 2. c4 e6 3. Nc3 Nf6 4. Bg5 Be7 5. e3 h6 6. Bh4 O-O 7. Nf3 Nbd7 8. Bd3 c6 9. O-O dxc4 10. Bxc4 b5
11. Bd3 b4 12. Na4 Bb7 13. Rc1 Rc8 14. Qe2 Qa5 15. b3 g5 16. Bg3 c5 17. Ne5 cxd4 18. Nc4 Qd5 19. f3 Nh5 20. Bf2 dxe3
21. Nxe3 Qe5 22. Ng4 Qxe2 23. Bxe2 Nf4 24. Bc4 h5 25. Ne3 Ne5 26. Kh1 Nxf3
0-1

[Event "Szachy na pełnej kurwie"]
[Site "SchemingMind.com"]
[Date "2016.01.04"]
[Round "-"]
[White "William Lindberg"]
[Black "miriskra"]
[Result "1-0"]
[WhiteCountry "USA"]
[BlackCountry "WLS"]
[WhiteElo "2320"]
[WhiteRD "66"]
[BlackElo "1676"]
[BlackRD "63"]
[GameID "393161"]

1. e4 c5 2. Nf3 Nc6 3. Nc3 d6 4. Bc4 Nf6 5. d4 cxd4 6. Nxd4 Qb6 7. Nf3 e6 8. a3 Be7 9. Be3 Qc7 10. O-O O-O
11. Nb5 Qb8 12. Nc3 Qc7 13. Nb5 Qb8 14. Bd3 a6 15. Nbd4 Nxd4 16. Bxd4 e5 17. Bc3 Be6 18. Ng5 d5 19. exd5 Bxd5 20. Re1 Bd6
21. Nxh7 Nxh7 22. Bxh7+ Kxh7 23. Qxd5 f6 24. Re3 g6 25. Rd1 Be7 26. Qe6 Qe8 27. Rd7 Rf7 28. Bb4
1-0

[Event "Szachy na pełnej kurwie"]
[Site "SchemingMind.com"]
[Date "2016.01.04"]
[Round "-"]
[White "Darnell"]
[Black "William Lindberg"]
[Result "0-1"]
[WhiteCountry "CAN"]
[BlackCountry "USA"]
[WhiteElo "1605"]
[WhiteRD "106"]
[BlackElo "2300"]
[BlackRD "67"]
[GameID "393162"]

1. d4 Nf6 2. Nf3 e6 3. Bg5 Nc6 4. e3 Be7 5. Bd3 h6 6. Bh4 O-O 7. Nbd2 b6 8. a3 Bb7 9. c4 Nh5 10. Bxe7 Nxe7
11. Ne5 Nf6 12. Ndf3 d6
0-1

[Event "Szachy na pełnej kurwie"]
[Site "SchemingMind.com"]
[Date "2016.01.04"]
[Round "-"]
[White "William Lindberg"]
[Black "Darnell"]
[Result "1-0"]
[WhiteCountry "USA"]
[BlackCountry "CAN"]
[WhiteElo "2300"]
[WhiteRD "67"]
[BlackElo "1605"]
[BlackRD "106"]
[GameID "393163"]

1. c4 Nf6 2. d4 c5 3. d5 e6 4. Nf3 Be7 5. d6 Bf8 6. h3 Qb6 7. Nc3 Bxd6 8. e4 Bc7 9. e5 Ng8 10. a3 Ne7
11. b4 O-O 12. Be3 d6 13. Bd3 Ng6 14. O-O Nd7 15. Na4 Qa6 16. b5 Qa5 17. Bd2
1-0

[Event "Szachy na pełnej kurwie"]
[Site "SchemingMind.com"]
[Date "2016.01.04"]
[Round "-"]
[White "Scooter"]
[Black "William Lindberg"]
[Result "0-1"]
[WhiteCountry "USA"]
[BlackCountry "USA"]
[WhiteElo "1696"]
[WhiteRD "46"]
[BlackElo "2300"]
[BlackRD "67"]
[GameID "393164"]

1. d4 Nf6 2. Nf3 e6 3. Bg5 Nc6 4. e3 Be7 5. Be2 h6 6. Bxf6 Bxf6 7. O-O O-O 8. Nbd2 d5 9. c3 e5 10. dxe5 Nxe5
11. Nxe5 Bxe5 12. Nf3 Bd6 13. h3 c6 14. Nd4 Qg5 15. Bg4 f5 16. Be2 f4 17. Nf3 Qe7 18. exf4 Rxf4 19. Re1 Qf6 20. Rf1 Bf5
21. Nd4 Bxh3 22. gxh3 Qe5 23. Nf3 Rxf3
0-1

[Event "Szachy na pełnej kurwie"]
[Site "SchemingMind.com"]
[Date "2016.01.04"]
[Round "-"]
[White "William Lindberg"]
[Black "Scooter"]
[Result "1-0"]
[WhiteCountry "USA"]
[BlackCountry "USA"]
[WhiteElo "2300"]
[WhiteRD "67"]
[BlackElo "1696"]
[BlackRD "46"]
[GameID "393165"]

1. Nf3 Nf6 2. d4 g6 3. Bg5 Bg7 4. Nc3 O-O 5. e3 d6 6. h3 Bf5 7. Bd3 Bxd3 8. Qxd3 Nbd7 9. O-O c5 10. Bxf6 Nxf6
11. dxc5 dxc5 12. Rad1 Qxd3 13. Rxd3 Rad8 14. Rfd1 Rxd3 15. Rxd3 e6 16. e4 Rb8 17. e5 Nh5 18. Rd7 Bh6 19. Ne4 Bf8 20. Nfg5 Ng7
21. Nf6+
1-0

[Event "Szachy na pełnej kurwie"]
[Site "SchemingMind.com"]
[Date "2016.01.04"]
[Round "-"]
[White "Robert Bruce"]
[Black "William Lindberg"]
[Result "0-1"]
[WhiteCountry "SCO"]
[BlackCountry "USA"]
[WhiteElo "2248"]
[WhiteRD "61"]
[BlackElo "2271"]
[BlackRD "70"]
[GameID "393166"]

1. c4 Nf6 2. g3 e5 3. Bg2 Nc6 4. Nc3 Bc5 5. e3 d6 6. Nge2 O-O 7. O-O Bf5 8. d4 Bb6 9. a3 a6 10. b4 Ba7
11. c5 dxc5 12. bxc5 Qd7 13. Qa4 Rfe8 14. Rd1 exd4 15. Nxd4 Nxd4 16. Qxd7 Nxd7 17. exd4 c6 18. Ra2 Rac8 19. Rb2 b6 20. cxb6 Nxb6
21. Bf4 a5 22. Bf1 Re6 23. h3 h6 24. g4 Bg6 25. Be5 f6 26. Bf4 Bf7 27. Rdb1 Nd5 28. Nxd5 cxd5 29. Be3 Bg6 30. Bg2 Kf8
31. Rd1 Rb6 32. Rxb6 Bxb6 33. Bxd5 Rc3 34. Re1 Bf7 35. Bxf7 Kxf7 36. Rb1 Bc7 37. Kg2 Ke6 38. a4 Rc4 39. Kf3 Rxa4 40. Rb7 Kd7
41. Bf4 Rc4 42. Rb5 Kc6 43. Rb1 Bxf4 44. Kxf4 Rxd4+ 45. Ke3 Rb4 46. Rc1+ Kb5 47. Rc8 a4 48. Ra8 g5 49. Kd2 Rb2+ 50. Ke3 Kb4
51. Rb8+ Kc3 52. Rc8+ Kb3 53. f3 a3 54. Kd3 Rf2 55. Rb8+ Ka2 56. Rb6 Rxf3+ 57. Kc2 Rf2+ 58. Kc3 Rf3+ 59. Kc2 f5 60. Rxh6 Rf2+
61. Kd3 Kb1 62. Rb6+ Rb2 63. Re6 f4 64. Re1+ Ka2 65. Kc3 Rb3+ 66. Kc4 Rxh3 67. Re2+ Ka1 68. Re1+ Kb2 69. Re2+ Kc1
0-1

[Event "Szachy na pełnej kurwie"]
[Site "SchemingMind.com"]
[Date "2016.01.04"]
[Round "-"]
[White "William Lindberg"]
[Black "Robert Bruce"]
[Result "1/2-1/2"]
[WhiteCountry "USA"]
[BlackCountry "SCO"]
[WhiteElo "2281"]
[WhiteRD "67"]
[BlackElo "2221"]
[BlackRD "63"]
[GameID "393167"]

1. d4 Nf6 2. Nf3 c5 3. e4 Nxe4 4. d5 g6 5. Bd3 Nf6 6. c4 d6 7. Nc3 Bg7 8. O-O O-O 9. Re1 e5 10. a3 Bd7
11. h3 Na6 12. Bg5 Qb6 13. Bd2 Rfe8 14. Rb1 Rac8 15. Ng5 Re7 16. Qc2 Rce8 17. Re2 Nh5 18. Rbe1 Rf8 19. Na4 Qc7 20. Nc3 f5
21. Qb3 e4 22. g4 Nf6 23. Bb1 Kh8 24. Nb5 Qb6 25. Bf4 Ne8 26. Qg3 Be5 27. Bxe5+ dxe5 28. d6 Nxd6 29. Nxh7 f4 30. Nxf8 fxg3
31. Nxg6+ Kg7 32. Nxe7 Nxc4 33. Nc3 e3 34. fxe3 Nxb2 35. Ne4 c4 36. Rd2 Nd3 37. Bxd3 cxd3 38. Rxd3 Nc5 39. Rd6 Qb3 40. Nxg3 Kf7
41. Nef5 Qxa3 42. g5 Bxf5 43. Nxf5 Ne6 44. Nh6+=
1/2-1/2

[Event "Szachy na pełnej kurwie"]
[Site "SchemingMind.com"]
[Date "2016.01.09"]
[Round "-"]
[White "William Lindberg"]
[Black "DANDYLIONHONEYBADGER"]
[Result "1-0"]
[WhiteCountry "USA"]
[BlackCountry "USA"]
[WhiteElo "2366"]
[WhiteRD "67"]
[BlackElo "1297"]
[BlackRD "64"]
[GameID "393168"]

1. c4 c6 2. Nf3 d5 3. d4 Nf6 4. e3 Be6 5. Nc3 Nbd7 6. cxd5 cxd5 7. Qb3 Qb6 8. Qxb6 axb6 9. Bb5 Kd8 10. Ng5 Rg8
11. Bd2 h6 12. Nxe6+ fxe6 13. Na4 g5 14. Ke2 Bg7 15. Rac1 Rc8 16. g4 Rxc1 17. Rxc1 Nb8 18. Nxb6 Nc6 19. Bxc6 Kc7 20. Nxd5+ exd5
21. Bxd5+ Kd7 22. Bxg8 Nxg8 23. Ba5 Nf6 24. Rc7+ Ke8 25. Rxb7 Nxg4 26. Bb4 Bf6 27. h3 Nh2 28. a4 g4 29. hxg4 Nxg4 30. a5 Kd8
31. a6 Kc8 32. Rb5
1-0

[Event "Szachy na pełnej kurwie"]
[Site "SchemingMind.com"]
[Date "2016.01.09"]
[Round "-"]
[White "DANDYLIONHONEYBADGER"]
[Black "William Lindberg"]
[Result "0-1"]
[WhiteCountry "USA"]
[BlackCountry "USA"]
[WhiteElo "1309"]
[WhiteRD "68"]
[BlackElo "2320"]
[BlackRD "66"]
[GameID "393169"]

1. Nc3 e5 2. e4 Nf6 3. Be2 d5 4. exd5 Nxd5 5. Nxd5 Qxd5 6. c4 Qxg2 7. Bf3 Qg6 8. d3 Nc6 9. Qe2 Nb4 10. a3 Nxd3+
11. Kf1 Bf5 12. Bxb7 Rb8 13. Bd5 Bc5 14. Be3 Rxb2 15. Bc6+ Qxc6 16. Qd1 Bxe3 17. Qxd3 Bxd3+
0-1

[Event "Szachy na pełnej kurwie"]
[Site "SchemingMind.com"]
[Date "2016.01.04"]
[Round "-"]
[White "William Lindberg"]
[Black "flyinduck"]
[Result "1-0"]
[WhiteCountry "USA"]
[BlackCountry "CAN"]
[WhiteElo "2300"]
[WhiteRD "67"]
[BlackElo "2050"]
[BlackRD "53"]
[GameID "393170"]

1. e4 c5 2. Nf3 Nc6 3. Nc3 e6 4. Be2 Nf6 5. O-O d5 6. exd5 exd5 7. d4 cxd4 8. Nxd4 Be7 9. Re1 O-O 10. Bf3 Nxd4
11. Qxd4 Be6 12. Bf4 Qa5 13. Be5 Rfd8 14. a3 Rac8 15. Qd3 d4 16. Bxd4 Rc4 17. Ne2 b5 18. c3 Rc7 19. Nf4 Bc4 20. Qf5 Qa6
21. Rad1 Rcd7 22. Qc2 Bf8 23. b3 Be6 24. Nxe6 fxe6 25. b4 Qc8 26. Qe2 Re8 27. Qxb5
1-0